000 00503nam a2200181Ia 4500
005 20250326124526.0
008 250326s9999 xx 000 0 und d
037 _aTextbook
040 _aFMSL
_beng
_cFMSL
041 _aeng
_2eng
084 _aX:8 K9;1
_qFMSL
100 _aTaylor G A
245 0 _aManagerial and engineering economy
_cTaylor G A
260 _aNew Delhi
_bNew Delhi, Affiliated East-West
_c1969
300 _a487p
942 _cTB
_hX:8 K9;1
999 _c1274055
_d1274055